Ley de contrato de trabajo 20.744 : anotada, comentada y concordada con leyes laborales y directivas civiles de aplicación en el fuero laboral /

Guardado en:
Autor Principal: Pose, Carlos.
Formato: Desconocido
Idioma:Spanish
Publicado: Ciudad Autónoma de Buenos Aires : David Grinberg. Libros Jurídicos, 2014.
Edición:3a. ed.
Series:Guías de Legislación
Materias:
Etiquetas: Agregar Etiqueta
Sin Etiquetas, Sea el primero en etiquetar este registro!
LEADER 00642nac a22001695a 4500
001 DER.der014260
008 191017i2014####ag#####|###|#|######spa||
005 20251016152400.0
245 1 0 |a Ley de contrato de trabajo 20.744 :  |b anotada, comentada y concordada con leyes laborales y directivas civiles de aplicación en el fuero laboral /  |c Carlos Pose. 
250 |a 3a. ed. 
260 |a Ciudad Autónoma de Buenos Aires :  |b David Grinberg. Libros Jurídicos,  |c 2014. 
300 |a 766 p. 
490 0 |a Guías de Legislación 
020 |a 9789873705014 
100 1 |a Pose, Carlos. 
650 7 |a DERECHO LABORAL 
859 |a DERECHO  |b BIB. DERECHO  |h 344.01  |i POS  |p 009517